000 00666nam a2200217Ia 4500
003 IIN
005 20240125123224.0
008 231217s9999 xx 000 0 und d
020 _cRs.1399.00
_a9781496300232
040 _aIIN
_bEnglish
082 _a610.73072
_bPOL
100 1 _aPolit, Denise F.
245 1 _aNursing Research Generating & Assessing Evidence:
_bfor Nursing Practice
_cDenise F. Polit & Cheryl Tatano Beck
250 _a10th ed
260 _bWolters Kluwer
_aNew Delhi
_c2017
300 _axiv, 784p.
650 1 _aResearch
_vNursing
650 1 _aGenerating & Assessing Evidence
_vResearch
700 1 _aBeck, Cheryl Tatano
942 _cBOOK
999 _c1428
_d1428